00477nam a2200181Ia 4500008004100000020001400041050001600055100002700071245002100098245002400119245006000143260001500203260002200218260000900240300001600249300002000265300001000285170918s9999 xx 000 0 und d a743230191 bB513fa 2003 aBerkman, Pamela Rafael 4aThe falling nun: band other stories / cby Pamela Rafael Berkman ; illustrations by Karen Roze. aNew York : bTouch stone Book, c2003 a162 pages : billustrations ; c20cm.